Richesse bacillaire des expectorations et taux de lymphocytes T CD4 chez les adultes tuberculeux infectés par le VIH : cas du centre hospitalier de pneumo-phtisiologique d'Akron à Porto - Novo (Record no. 46746)
[ view plain ]
| 000 -LEADER | |
|---|---|
| fixed length control field | 00791nam a22002297a 4500 |
| 003 - CONTROL NUMBER IDENTIFIER | |
| control field | 0 |
| 005 - DATE AND TIME OF LATEST TRANSACTION | |
| control field | 20160609165301.0 |
| 008 - FIXED-LENGTH DATA ELEMENTS--GENERAL INFORMATION | |
| fixed length control field | 100118t xxu||||| |||| 00| 0 eng d |
| 037 ## - SOURCE OF ACQUISITION | |
| Stock number | M15464 |
| Source of stock number/acquisition | BIBLIO |
| 040 ## - SOURCE DU CATALOGAGE | |
| Original cataloging agency | BUAC |
| Language of cataloging | FR |
| Transcribing agency | BEPAC |
| 082 ## - DEWEY DECIMAL CLASSIFICATION NUMBER | |
| Classification number | 27.ABM/AKPO |
| 100 ## - VEDETTE PRINCIPALE - NOM DE PERSONNE | |
| Personal name | Akpo , Dénis |
| 9 (RLIN) | 2882 |
| 130 ## - VEDETTE PRINCIPALE - TITRE UNIFORME | |
| Language of a work | fr |
| 9 (RLIN) | 10760 |
| 245 ## - TITLE STATEMENT | |
| Title | Richesse bacillaire des expectorations et taux de lymphocytes T CD4 chez les adultes tuberculeux infectés par le VIH : cas du centre hospitalier de pneumo-phtisiologique d'Akron à Porto - Novo |
| 260 ## - PUBLICATION, DISTRIBUTION, ETC. (IMPRINT) | |
| Place of publication, distribution, etc | UAC-EPAC |
| Name of publisher, distributor, etc | UAC-EPAC |
| Date of publication, distribution, etc | 2007-2008 |
| 300 ## - PHYSICAL DESCRIPTION | |
| Extent | I-70p |
| Dimensions | 29cm |
| 500 ## - GENERAL NOTE | |
| General note | Mem Ecole Polytechnique d'ABOMEY - Calavi<br/>2008 |
| 650 ## - SUBJECT ADDED ENTRY--TOPICAL TERM | |
| Topical term or geographic name as entry element | LYMPHOCYTES |
| 9 (RLIN) | 2883 |
| 650 ## - SUBJECT ADDED ENTRY--TOPICAL TERM | |
| Topical term or geographic name as entry element | TCD4 TUBERCULEUX |
| 9 (RLIN) | 2883 |
| 700 ## - ADDED ENTRY--PERSONAL NAME | |
| Personal name | Awo ,Onésime |
| 9 (RLIN) | 10761 |
| 942 ## - ADDED ENTRY ELEMENTS (KOHA) | |
| Koha item type | Thèse et Memoire |
| Withdrawn status | Lost status | Damaged status | Not for loan | Location (home branch) | Sublocation or collection (holding branch) | Date acquired | Source of acquisition | Koha issues (times borrowed) | Koha full call number | Piece designation (barcode) | Koha date last seen | Copy number | Price effective from | Koha item type |
|---|---|---|---|---|---|---|---|---|---|---|---|---|---|---|
| Bibliothèque Ecole Polytechnique d'Abomey-Calavi | Bibliothèque Ecole Polytechnique d'Abomey-Calavi | 11/11/2010 | Dépot légal | 27./ABM/AKP | M16082EPAC | 11/11/2010 | 1 | 11/11/2010 | Thèse et Memoire | |||||
| Bibliothèque Ecole Polytechnique d'Abomey-Calavi | Bibliothèque Ecole Polytechnique d'Abomey-Calavi | 11/11/2010 | Dépot légal | 27./ABM/AKP | 11/11/2010 | M16083EPAC | 11/11/2010 | Thèse et Memoire | ||||||
| Bibliothèque Ecole Polytechnique d'Abomey-Calavi | Bibliothèque Ecole Polytechnique d'Abomey-Calavi | 11/11/2010 | Dépot légal | 27./ABM/AKP | M16085EPAC | 11/11/2010 | 3 | 11/11/2010 | Thèse et Memoire |